000 005010000a22001930004500
001 001027
003 MACL
005 20150801165928.0
008 150801b xxu||||| |||| 00| 0 eng d
040 _aMACL
_cMACL
041 _aEnglish
082 _a355/SAX
100 _aSaxena, K.M.L.
_94233
245 _aThe Military System of India 1900-1939
_cK.M.L. Saxena
260 _aNew Delhi
_c1999
_bReliance Publishing House,
350 _a595
650 _aMilitary Science
_94234
942 _k355
_cBK
_2ddc
999 _c1023
_d1023